[Event "SLO-ch U20"]
[Site "Slovenj Gradec"]
[Date "2005.01.14"]
[Round "9"]
[White "Filip, Matej"]
[Black "Ristic, Milenko"]
[Result "1/2-1/2"]
[WhiteElo "1990"]
[BlackElo "1585"]
[PlyCount "103"]
[EventDate "2005.01.08"]
[EventType "tourn"]
[EventRounds "9"]
[EventCountry "SLO"]
[SourceTitle "EXT 2008"]
[Source "ChessBase"]
[SourceDate "2007.11.25"]
[SourceVersion "1"]
[SourceVersionDate "2007.11.25"]
[SourceQuality "1"]

1. d4 d5 2. c4 e6 3. Nc3 Bb4 4. Nf3 Nc6 5. Bf4 h6 6. e3 Nf6 7. Qc2 Ba5 8. a3 Bxc3+ 9. bxc3 Bd7 10. Bd3 Nh5 11. Bg3 Nxg3 12. hxg3 Qe7 13. 0-0 dxc4 14. Bxc4 Na5 15. Bd3 Bc6 16. e4 0-0 17. c4 Bd7 18. Rfc1 Qe8 19. Rab1 b6 20. c5 Ba4 21. Qc3 Bc6 22. Ne5 f6 23. cxb6 fxe5 24. bxc7 Qd7 25. Qxa5 Qxd4 26. Qc5 Qxd3 27. Qxc6 Qe2 28. Qxe6+ Kh7 29. f3 Qe3+ 30. Kh2 Rac8 31. Qxe5 Qxa3 32. Rb8 Rxb8 33. cxb8Q Rxb8 34. Qxb8 Qxc1 35. Qb7 h5 36. Qf7 Qh6 37. Qf4 Qc6 38. Qf5+ Kh6 39. e5 Qc3 40. e6 Qe1 41. Qf4+ Kg6 42. Qe4+ Qxe4 43. fxe4 Kf6 44. Kg1 Kxe6 45. Kf2 Ke5 46. Kf3 g6 47. Ke3 g5 48. Kf3 Kd4 49. e5 Kxe5 50. Ke3 Kf5 51. Kf3 g4+ 52. Ke3 1/2-1/2

[Event "SLO-ch U20"]
[Site "Slovenj Gradec"]
[Date "2005.01.13"]
[Round "8"]
[White "Ristic, Milenko"]
[Black "Spalir, Jernej"]
[Result "0-1"]
[WhiteElo "1585"]
[BlackElo "1565"]
[PlyCount "116"]
[EventDate "2005.01.08"]
[EventType "tourn"]
[EventRounds "9"]
[EventCountry "SLO"]
[SourceTitle "EXT 2008"]
[Source "ChessBase"]
[SourceDate "2007.11.25"]
[SourceVersion "1"]
[SourceVersionDate "2007.11.25"]
[SourceQuality "1"]

1. e4 e5 2. Bc4 Nc6 3. Nf3 Bc5 4. 0-0 Nf6 5. d3 h6 6. Bb5 d6 7. b3 0-0 8. Bb2 Bd7 9. Bxc6 Bxc6 10. Nbd2 Re8 11. Kh1 Ng4 12. Kg1 Bd7 13. h3 Nf6 14. a3 Qc8 15. Nh2 Nh7 16. Kh1 Re6 17. f4 exf4 18. Rxf4 Rg6 19. Ndf3 Be3 20. Rg4 Bxg4 21. Nxg4 Bg5 22. Nd4 Bf6 23. Nf5 Qd7 24. Nxf6+ Nxf6 25. Qf3 Ng4 26. hxg4 Rf6 27. Qh3 Qe6 28. Re1 Re8 29. d4 Rg6 30. Qh4 d5 31. e5 b5 32. Re3 Qd7 33. Rc3 Kf8 34. a4 bxa4 35. bxa4 Rge6 36. Rf3 Qd8 37. Qf2 Qd7 38. Qh4 Rg6 39. c3 Ree6 40. Rg3 Rb6 41. Qh3 Kg8 42. Kg1 Qd8 43. Rf3 f6 44. Qh5 Rg5 45. Qh4 fxe5 46. dxe5 Rgg6 47. Rf4 Qe8 48. Qf2 Qxe5 49. Nh4 Rgf6 50. Nf5 Kh7 51. Qc2 Qxf4 52. Qe2 Rxf5 53. gxf5 Rf6 54. Qd3 Qc4 55. Qh3 Rg6 56. Kh1 Qf1+ 57. Kh2 Qf4+ 58. Kh1 Rg5 0-1

[Event "SLO-ch U20"]
[Site "Slovenj Gradec"]
[Date "2005.01.11"]
[Round "5"]
[White "Ristic, Milenko"]
[Black "Lenic, Luka"]
[Result "0-1"]
[WhiteElo "1585"]
[BlackElo "2450"]
[PlyCount "42"]
[EventDate "2005.01.08"]
[EventType "tourn"]
[EventRounds "9"]
[EventCountry "SLO"]
[SourceTitle "EXT 2008"]
[Source "ChessBase"]
[SourceDate "2007.11.25"]
[SourceVersion "1"]
[SourceVersionDate "2007.11.25"]
[SourceQuality "1"]

1. e4 c5 2. Bc4 Nc6 3. Qh5 e6 4. Nc3 Nf6 5. Qd1 d5 6. exd5 exd5 7. Bb5 Bd6 8. d4 cxd4 9. Qxd4 0-0 10. Bxc6 bxc6 11. Bg5 Re8+ 12. Nce2 Be5 13. Qc5 Bc3+ 14. Qxc3 Ba6 15. Be3 Bxe2 16. Kxe2 d4 17. Rd1 dxc3 18. Rxd8 Raxd8 19. bxc3 Nd5 20. Kf1 Nxe3+ 21. fxe3 Rxe3 0-1

[Event "SLO-ch U20"]
[Site "Slovenj Gradec"]
[Date "2005.01.10"]
[Round "4"]
[White "Debevec, Blaz"]
[Black "Ristic, Milenko"]
[Result "1-0"]
[WhiteElo "1913"]
[BlackElo "1585"]
[PlyCount "91"]
[EventDate "2005.01.08"]
[EventType "tourn"]
[EventRounds "9"]
[EventCountry "SLO"]
[SourceTitle "EXT 2008"]
[Source "ChessBase"]
[SourceDate "2007.11.25"]
[SourceVersion "1"]
[SourceVersionDate "2007.11.25"]
[SourceQuality "1"]

1. e4 c5 2. c3 e5 3. Bc4 a6 4. d3 b5 5. Bb3 a5 6. Nf3 d6 7. Ng5 Nh6 8. Qf3 f6 9. Ne6 Qe7 10. Nxf8 Rxf8 11. Bxh6 gxh6 12. Qh5+ Kd8 13. Qxh6 f5 14. Nd2 Bb7 15. Bd5 Bxd5 16. exd5 Nd7 17. 0-0-0 Nf6 18. f3 Nxd5 19. c4 Nf4 20. cxb5 Nxd3+ 21. Kc2 Nf2 22. Nc4 Nxd1 23. Rxd1 Rf6 24. Qe3 Re6 25. Qxc5 Rc8 26. Qd5 Ke8 27. Kb1 Rxc4 28. Qxc4 e4 29. b6 d5 30. Qc8+ Kf7 31. b7 exf3 32. b8Q f2 33. Qg8+ Kf6 34. Qbf8+ Qxf8 35. Qxf8+ Kg6 36. Qg8+ Kf6 37. Qxe6+ Kxe6 38. Rf1 Ke5 39. Kc2 Ke4 40. Kd2 d4 41. Rxf2 f4 42. b3 d3 43. a3 h5 44. b4 axb4 45. axb4 h4 46. b5 1-0